| 000 | 00545nam a2200217Ia 4500 | ||
|---|---|---|---|
| 003 | GCL | ||
| 008 | 140319s9999 xx 000 0 eng d | ||
| 040 |
_aGCL / _cGCL |
||
| 082 | 0 | 4 |
_a746.442 _bS M |
| 100 | 1 | _aCLARKE, LINDSAY | |
| 245 | 1 | 0 |
_aMEDIEVAL NEEDLPOINT: CANDACE BAHOUTH'S / _cCLARKE, LINDSAY |
| 700 | 1 | _aSTOREY, SUE | |
| 700 | 1 | _aPERRY, CLAY | |
| 260 |
_a[S.N] : _bCONRAN OCTOPUS ، _c1994 |
||
| 300 | _a128 P | ||
| 650 | 0 | 4 | _aNEDDLE WORKS |
| 650 | 0 | 4 | _aART |
| 650 | 0 | 4 | _aHANDWORKS |
| 650 | 0 | 4 | _aNEEDLE POINT |
| 942 |
_2ddc _cBK |
||
| 999 |
_c14183 _d14183 |
||